Statistics for Fiji Airways-Nadi

Click here to take the quiz!

General Stats

  • This quiz has been taken 54 times
  • The average score is 16 of 27

Answer Stats

Country Airport % Correct
AustraliaSydney
100%
AustraliaMelbourne
95%
AustraliaBrisbane
93%
SingaporeSingapore
91%
JapanTokyo ( Narita)
91%
New ZealandAuckland
89%
USALos Angeles
89%
New ZealandWellington
89%
Hong KongHong Kong
89%
USASan Francisco
82%
FijiSuva
82%
New ZealandChristchurch
77%
AustraliaAdelaide
75%
SamoaApia
64%
USAHonolulu
59%
VanuatuPort Vila
59%
Solomon IslandsHoniara
52%
AustraliaCairns
45%
KiribatiTarawa
41%
FijiSavusavu
20%
FijiLabasa
18%
TongaTongatapu
16%
FijiRotuma
14%
TongaVavau
11%
FijiMatei
9%
KiribatiKiritimati
9%
FijiKandavu
0%

Score Distribution

Percentile by Number Answered

Percent of People with Each Score

Your Score History

You have not taken this quiz